000 00621nam a2200193 i 4500
001 46350
003 ES-MaACL
005 20230906161351.0
007 t|
008 030328s1977 sp ||||1| spa d
245 0 0 _aComunistas y/o nacionalistas /
_cedición a cargo de Miguel Barceló , [traducción, Joaquín Jordá, Reyes Fontanals].
260 _a[Barcelona] :
_bAnagrama,
_c[1977]
300 _a166 p. ;
_c18 cm.
490 1 _aCuadernos Anagrama ;
_v145
700 1 _aBarceló, Miguel.
_925508
830 0 _aCuadernos Anagrama ;
_v145
_9181159
852 _aES-MaACL
_jA-6855
_bR.96111
999 _c46350
_d46350